000 00502nam a22001697a 4500
003 MACL
005 20160319160443.0
008 160319b xxu||||| |||| 00| 0 eng d
040 _cMACL
041 _aHindi
082 _a403
100 _aडॉ हरदेव बाहरी
_947538
245 _aभोजपुरी शब्‍द सम्‍पदा
260 _aइलाहाबाद
_bस्‍मृति प्रकाशन
650 _aDictionary
_947539
942 _2ddc
_cHIN
999 _c53569
_d53569